A natural history of associations (v.2): (Record no. 153851)

000 -LEADER
fixed length control field 00344nam a22001217a 4500
082 ## - DEWEY DECIMAL CLASSIFICATION NUMBER
Classification number
Item number
100 ## - MAIN ENTRY--PERSONAL NAME
Personal name Richard Maitland Bradfield
245 ## - TITLE STATEMENT
Title A natural history of associations (v.2):
Remainder of title a study in the meaning of community/
Statement of responsibility, etc. by Richard Maitland Bradfield.
260 ## - PUBLICATION, DISTRIBUTION, ETC.
Place of publication, distribution, etc.
Name of publisher, distributor, etc. Duckworth,
Date of publication, distribution, etc. 1973.
300 ## - PHYSICAL DESCRIPTION
Extent 596p.
650 ## - SUBJECT ADDED ENTRY--TOPICAL TERM
Topical term or geographic name entry element
942 ## - ADDED ENTRY ELEMENTS (KOHA)
Koha item type Book
Holdings
Withdrawn status Lost status Damaged status Not for loan Permanent Location Current Location Shelving location Date acquired Cost, normal purchase price Total Checkouts Barcode Date last seen Price effective from Koha item type
        RC Thiruvananthapuram RC Thiruvananthapuram   12.07.2018 0.00   TV000029 13.07.2018 13.07.2018 Book